000 00610nam a22002417a 4500
003 UA-OsUOA
001 39558
007 ta
008 20060621b un ||||| |||| 00| 0 ukr d
100 _aШишкаренко Ю.
090 _a82.161.2
_bШ62
942 _cBK
040 _aUA-OsUOA
_bukr
_cUA-OsUOA
_dUA-OsUOA
245 _aСамовбивця
300 _a72 с.
955 _a2
041 _aukr
080 _a82.161.2
020 _a966-7332-95-0
260 _aК.
_bСмолоскип
_c2003
650 7 _a82 Література. Літературознавство
_2UDC
999 _c325702
_d325702